000 00570cam a2200229 4500
008 090401t1994 xxu||||| |||| 00| 0 eng d
020 _a0851988830
035 _a(Sirsi) u5461
041 _aeng
050 _a634.9285
100 _aPhilip, Michael S.
245 _aMeasuring trees and forests.
250 _a2nd ed.
260 _aWallingford, Oxon
_bCAB International
_c1994
300 _axiv,310p. : ill. ; 24cm.
350 _a24.5
650 _aMENSURATION
650 _aTREES
690 _aMAPPING AND MEASUREMENT
942 _n0
948 _c04/03/1997
999 _c86183
_d86183